Shameless #1 - Statistics

General Stats
  • This quiz has been taken 215 times
  • The average score is 15 of 16
Answer Stats
Picture Answer % Correct
Fiona Gallagher
99%
Lip Gallagher
99%
Carl Gallagher
98%
Frank Gallagher
98%
Ian Gallagher
97%
Liam Gallagher
97%
Debbie Gallagher
94%
Kevin Ball
92%
Jimmy Lishman
91%
Monica Gallagher
91%
Mickey Milkovich
90%
Veronica Fisher
90%
Mandy Milkovich
86%
Karen Jackson
78%
Sheila Jackson
77%
Svetlana Yevegeniva
77%
No matching quizzes found
Score Distribution
Percent of People with Each Score
Percentile by Number Answered
Your Score History
You have not taken this quiz